दर्शनशास्त्र प्रश्नोत्तर रूप में : (Record no. 200239)

MARC details
000 -LEADER
fixed length control field 01311nam a22001937a 4500
005 - DATE AND TIME OF LATEST TRANSACTION
control field 20240124155833.0
010 ## - LCCN (DPL NO)
LC control number B-757222-227
020 ## - INTERNATIONAL STANDARD BOOK NUMBER
International Standard Book Number 9788195933495
Terms of availability 475.00
035 ## - SYSTEM CONTROL NUMBER
System control number B-757222-227
037 ## - SOURCE OF ACQUISITION
Source of stock number/acquisition अक्षरेश एंटरप्राइज़ेज़
082 ## - DEWEY DECIMAL CLASSIFICATION NUMBER
Classification number 000
245 ## - TITLE STATEMENT
Title दर्शनशास्त्र प्रश्नोत्तर रूप में :
Remainder of title सिविल सेवा परीक्षा के लिए /
Statement of responsibility, etc संपादक एन.एन.ओझा
260 ## - PUBLICATION, DISTRIBUTION, ETC. (IMPRINT)
Place of publication, distribution, etc उत्तर प्रदेश
Name of publisher, distributor, etc क्रॉनिकल पब्लिकेशन प्रा.लि.
Date of publication, distribution, etc 2023
270 ## - ADDRESS
Address ए-27डी, सेक्टर-16, नोएडा
City उत्तर प्रदेश
Postal code 201301
300 ## - PHYSICAL DESCRIPTION
Extent 394पृ.
Dimensions 28सेमी(अजिल्द)
700 ## - ADDED ENTRY--PERSONAL NAME
Personal name ओझा,एन.एन.
Relator term संपादक
9 (RLIN) 61076
942 ## - ADDED ENTRY ELEMENTS (KOHA)
Source of classification or shelving scheme Dewey Decimal Classification
Item type Hindi Books
Classification part 000
Call number suffix दर्शन
Holdings
Withdrawn status Lost status Not for loan Collection code Home library Current library Date acquired Source of acquisition Cost, normal purchase price Full call number Barcode Copy number Cost, replacement price Koha item type
      Non-fiction Ashok Vihar Ashok Vihar 24/01/2024 अक्षरेश एंटरप्राइज़ेज़/139/13.12.23/63/12.12.23/21.12.23 475.00 000 दर्शन B-757224 1 475.00 Hindi Books
      Non-fiction Central Library Central Library 24/01/2024 अक्षरेश एंटरप्राइज़ेज़/139/13.12.23/63/12.12.23/21.12.23 475.00 000 दर्शन B-757222 1 475.00 Hindi Books
      Non-fiction Diz Area Diz Area 24/01/2024 अक्षरेश एंटरप्राइज़ेज़/139/13.12.23/63/12.12.23/21.12.23 475.00 000 दर्शन B-757225 1 475.00 Hindi Books
      Non-fiction Mobile Library Mobile Library 24/01/2024 अक्षरेश एंटरप्राइज़ेज़/139/13.12.23/63/12.12.23/21.12.23 475.00 000 दर्शन B-757223 1 475.00 Hindi Books
      Non-fiction Sarojini Nagar Sarojini Nagar 24/01/2024 अक्षरेश एंटरप्राइज़ेज़/139/13.12.23/63/12.12.23/21.12.23 475.00 000 दर्शन B-757226 1 475.00 Hindi Books
      Non-fiction Shahdara Branch Shahdara Branch 24/01/2024 अक्षरेश एंटरप्राइज़ेज़/139/13.12.23/63/12.12.23/21.12.23 475.00 000 दर्शन B-757227 1 475.00 Hindi Books

© Delhi Public Library
Hit Counter
free hit counter